Not a Spider - Statistics

General Stats
  • This quiz has been taken 17 times
  • The average score is 8 of 12
Answer Stats
Picture Hint Answer % Correct
Ateles Spider Monkey
100%
Macrocheira kaempferi Japanese Spider Crab
83%
Leptomyrmex Spider Ant
83%
Pyxis arachnoides Spider Tortoise
83%
Rhaphidophoridae Spider Cricket
75%
Pompilidae Spider Wasp
75%
Pycnogonida Sea Spider
67%
Ptininae Spider Beetle
67%
Ipnopidae Spiderfish
67%
Lambis Spider Conch
42%
Pseudocerastes urarachnoides Spider-tailed Horned Viper
25%
Hymenocallis Spider Lily
17%
No matching quizzes found
Score Distribution
Percent of People with Each Score
Percentile by Number Answered
Your Score History
You have not taken this quiz